Statistics for WWE Champions by Year - 1990

Click here to take the quiz!

General Stats

  • This quiz has been taken 54 times
  • The average score is 6 of 8

Answer Stats

TitleDateEventWrestler% Correct
Tag TeamAugust 27SummerSlamBret Hart
93%
WWE ChampionshipApril 1WrestleMania VIThe Ultimate Warrior
93%
Tag TeamApril 1WrestleMania VIAx
76%
Tag TeamAugust 27SummerSlamJim Neidhart
76%
IntercontinentalMay 19SuperstarsMr. Perfect
72%
IntercontinentalDecember 15SuperstarsMr. Perfect
72%
Tag TeamApril 1WrestleMania VISmash
72%
IntercontinentalAugust 27SummerSlamThe Texas Tornado
41%

Score Distribution

Percentile by Number Answered

Percent of People with Each Score

Your Score History

You have not taken this quiz